Succès du cinéma français par an - Statistiques

Statistiques générales
  • Ce quiz a été pris 82 fois
  • Le résultat moyen est 6 sur 25
Statistiques - réponses
Année Place au box-office Nombre d'entrées Réponse % Correct
2008 #1 20 489 303 Bienvenue chez les Ch'tis
82%
2011 #1 19 490 688 Intouchables
75%
2024 #1 10 826 696 Un p'tit truc en plus
70%
2014 #1 12 361 430 Qu'est-ce qu'on a fait au Bon Dieu ?
61%
2002 #1 14 559 509 Astérix et Obélix : Mission Cléopâtre
45%
2006 #1 10 355 930 Les Bronzés 3 : Amis pour la vie
31%
2001 #2 8 636 041 Le Fabuleux Destin d'Amélie Poulain
29%
2000 #1 10 345 901 Taxi 2
26%
2019 #4 6 711 618 Qu'est-ce qu'on a encore fait au Bon Dieu ?
23%
2003 #3 6 151 691 Taxi 3
23%
2005 #4 4 424 136 Brice de Nice
17%
2004 #1 8 636 016 Les Choristes
16%
2007 #6 5 242 769 La Môme
12%
2010 #2 5 457 251 Les Petits Mouchoirs
12%
2023 #3 4 622 711 Astérix et Obélix : L'Empire du Milieu
8%
2016 #4 4 619 897 Les Tuche 2 : Le Rêve américain
6%
2018 #2 5 687 200 Les Tuche 3
6%
2013 #7 3 957 176 Les Profs
5%
2009 #4 5 520 562 Le Petit Nicolas
4%
2020 #4 2 001 198 Adieu les cons
3%
2017 #3 4 571 327 Raid dingue
3%
2012 #3 5 304 366 Sur la piste du Marsupilami
3%
2022 #3 3 962 359 Les Minions 2 : Il était une fois Gru
1%
2015 #7 4 439 602 Les Nouvelles Aventures d'Aladin
1%
2021 #5 2 710 493 Tous en scène 2
1%
Aucun quiz correspondant
Distribution des résultats
% des personnes avec chaque résultat
Percentile par nombre de réponses
Votre historique - résultats
Vous n’avez pas pris ce quiz